| 000 | 01616nam a2200229 a 4500 | ||
|---|---|---|---|
| 003 | MX-MxUPN | ||
| 005 | 20241011063821.0 | ||
| 008 | 190527s1997 mx r 000 0 spa d | ||
| 035 | _aUPN01000230756 | ||
| 040 |
_aMX-MxUPN _bspa _cMX-MxUPN |
||
| 041 | 0 | _aspa | |
| 050 | 1 | 4 |
_aLB1135 _bA365 1997 |
| 245 | 0 | 3 |
_aEl adolescente del bachillerato propedeútico estatal : _bconferencias itinerantes |
| 260 |
_aEstado de México : _bGobierno del Estado de México, Secretaría de Educación, Cultura y Bienestar Social, _c1997. |
||
| 300 | _a98 páginas | ||
| 490 | 0 |
_aCuadernos de la práctica ; _v3 |
|
| 505 | 0 | 0 |
_tLa adolescencia: conferencias itinerantes / _rEnrique Dulanto Gutiérrez -- _tLa influencia civilizante y humanizante de los padres de familia y los educadores / _rElizabeth Rodríguez de Troyse -- _tLos valores como rescate del maestro / _rVivien Von Son -- _tEl afecto vincular del maestro como una factor de prevención del fracaso escolar / _rEsteban Cruz López -- _tEl alumno y el maestro en el proceso de enseñanza-aprendizaje: autoridad y autoritarismo en el vínculo maestro-alumno / _rMartha Elizalde López -- _tOrientación para la vida / _rSantiago Gabriel Murcía -- _tBuscando mi vocación / _rMaría Carmen Esteves de Sánchez -- _tEvaluación centrada en la persona / _rEric Troncoso Mejía, Ana Repetto Masini -- _tLa formación profesional dual / _rWaldemar Cortés Carabantes -- _tLa utilización de los recursos psicopedagógicos en una escuela / _rJesús Herranz Alonso |
| 650 | 4 |
_aEducación de adolescentes _9252 |
|
| 902 | _aVíctor Ruiz/101024 | ||
| 942 |
_2lcc _cLIBRO |
||
| 999 |
_c202851 _d202851 |
||